000 00282nam a2200121 i 4500
001 bg
245 0 _aProblemy fiziki elementarnych castic i atomnogo jadra.
260 _aMoskwa,
_c1971.
040 _cBPK
041 _apol
942 _cKS
008 s pl f |000 0 pol
999 _c9201
_d9201
856 _uhttp://koha.tu.koszalin.pl/cgi-bin/koha/opac-detail.pl?biblionumber=9201
_yKatalog online BPK